00321nam a2200133Ia 4500008004100000041001200041082001600053100001700069245003500086260003200121300000900153650001000162700001500172221030s9999 xx 000 0 und d aEnglish a105.23bPun aB. C. Punmia 0aComprehensive R. C. C. Designs bLaxmi Pub.aNew Delhic1998 a1168 aCivil aA. K. Jain